| 000 | 01042nam a22002057a 4500 | ||
|---|---|---|---|
| 999 |
_c60169 _d60169 |
||
| 003 | Ge_BSU | ||
| 005 | 20230614164055.0 | ||
| 008 | 230614s1959 ge ||||| |||| 00| 0 geo d | ||
| 041 | _ageo | ||
| 080 | _a1(38)(09) დ-32 | ||
| 100 |
_aდემოკრიტე _918715 |
||
| 245 |
_aფრაგმენტები, წერილები / _cდემოკრიტე, ეპიკურ; [თარგმ. ბერძნ., კომენტარები და ნარკვევი თამარ კუკავასი]. |
||
| 264 |
_aთბილისი : _bსაბჭ. საქართველო, _c1959. |
||
| 300 |
_a240 გვ. : _b 2 ფ. ილ. ; _c21 სმ. |
||
| 504 | _aბიბლიოგრ. შენიშვნებში. | ||
| 653 | _aბერძნული ფილოსოფიის ისტორია | ||
| 700 |
_aეპიკურე _eავტორი _918716 |
||
| 700 |
_aკუკავა, თამარ _eმთარგმნელი _910261 |
||
| 942 |
_2udc _cBK |
||